| 000 | 02313nam a22002777a 4500 | ||
|---|---|---|---|
| 005 | 20220423123206.0 | ||
| 008 | 220421b ||||| |||| 00| 0 eng d | ||
| 020 | _a1862075840 | ||
| 040 | _cAloy | ||
| 041 | _aeng | ||
| 082 |
_223 _a951.06 _bNATC |
||
| 100 |
_aAndrew J Nathan _931356 |
||
| 100 |
_dBruce Gilley _930839 |
||
| 245 |
_aChinas new rulers: _bThe secret files |
||
| 250 | _a2nd ed | ||
| 260 |
_aLondon _bGranta Books _c2003 |
||
| 300 |
_avi,237 p. _bHB _c22x14 cm |
||
| 365 | _2History | ||
| 520 | _aAt the Chinese Communist Party's 16th Congress in November 2002, a group of new leaders took over the world's most populous country. Their accession as the "Fourth Generation" of rulers of the People's Republic—following the generations of Mao Zedong, Deng Xiaoping, and Jiang Zemin—signaled the end of a long, complex struggle for power. Yet little has been known outside high Party circles about either that struggle or the men who emerged victorious from it. China's New Rulers, based on confidential Party files leaked to a Chinese writer abroad, offers an unprecedented glimpse into the most orderly succession in the turbulent history of the People's Republic. At its center are detailed descriptions of the nine men who will rule China for the next five years—their backgrounds, their characters, and their visions for the future. Among the challenges they will face are economic reform and China's integration into a global economy, pressures for political liberalization and human rights, ethnic unrest in Tibet and Xinjiang, the status of Taiwan, and relations with the US. China's New Rulers is an extraordinary account of a high-level political drama that has largely taken place in secret. It portrays many key figures in the Party, government, and military, and provides new information on Jiang Zemin's thirteen years in office. Most importantly, it contains the first insights into matters of great importance to the West: who will lead China, what changes they may bring to their country, and how they may act as international partners and competitors. | ||
| 650 |
_aPoltiticians _930840 |
||
| 650 |
_aManagers _930841 |
||
| 650 |
_aChina's Place in the World _930842 |
||
| 700 |
_aNATHAN (Andrew J) _930843 |
||
| 700 |
_aGILLEY (Bruce) _930844 |
||
| 942 |
_2ddc _cGF |
||
| 999 |
_c222546 _d222546 |
||